| 000 | 00607nam a22001937a 4500 | ||
|---|---|---|---|
| 003 | OSt | ||
| 005 | 20260223080401.0 | ||
| 008 | 260223b |||||||| |||| 00| 0 eng d | ||
| 020 | _a0736063390 | ||
| 040 |
_aDWCL-Main Lib _cOC |
||
| 082 | _aProf. 617.1027 SP762 2008 | ||
| 100 | _aGotlin, Robert S. | ||
| 245 | _aSport injuries guidebook | ||
| 260 |
_aChampaign, 1L. : _bHuman Kinetics, _cc2008 |
||
| 300 |
_axvi, 288 pages : _bcolor illustrations ; _c26 cm. |
||
| 504 | _a1. Includes bibliographical references. | ||
| 650 | _aSports injuries - Handbooks, manuals, etc. | ||
| 942 |
_2ddc _cPROF. _mProf. _n0 |
||
| 999 |
_c8498 _d8498 |
||